000 00449nam a2200181Ia 4500
001 8675
005 20260306160627.0
008 260306t2009||||xx |||||||||||||| ||spa||
041 _aESP
082 _a371.3
_bA69
100 _aArellano, José
_eAUT
245 0 _aInvestigar con mapas conceptuales:
_bprocesos metodológicos
260 _c2009
300 _a205 páginas :
_c23 cm.
650 _aGEN
654 _aCED
942 _cLIB
_dJUS
_fJUS
_2ddc
_n
999 _c8675
_d8675